Regards sur le monde: trésors photographiques du Quai d'Orsay, 1860-1914 (Record no. 1800)
[ view plain ]
| 000 -LEADER | |
|---|---|
| campo de control de longitud fija | 00915nam a22001457a 4500 |
| 008 - DATOS DE LONGITUD FIJA--INFORMACIÓN GENERAL | |
| campo de control de longitud fija | 190601b xxu||||| |||| 00| 0 eng d |
| 020 ## - NÚMERO INTERNACIONAL ESTÁNDAR DEL LIBRO | |
| Número Internacional Estándar del Libro | 2850564192 |
| 082 ## - NÚMERO DE LA CLASIFICACIÓN DECIMAL DEWEY | |
| Número de clasificación | 779.944 |
| Número de ítem | F778r |
| 100 ## - ENTRADA PRINCIPAL--NOMBRE DE PERSONA | |
| Nombre de persona | Fournié, Pierre y Gervereau, Laurent |
| 9 (RLIN) | 7068 |
| 245 ## - MENCIÓN DEL TÍTULO | |
| Título | Regards sur le monde: trésors photographiques du Quai d'Orsay, 1860-1914 |
| 260 ## - PUBLICACIÓN, DISTRIBUCIÓN, ETC. | |
| Lugar de publicación, distribución, etc. | Paris |
| Nombre del editor, distribuidor, etc. | Somogy éditions d'art |
| Fecha de publicación, distribución, etc. | 2000 |
| 300 ## - DESCRIPCIÓN FÍSICA | |
| Extensión | 192 p. |
| Otras características físicas | ill (col). |
| Dimensiones | 28 x 24,5 cm |
| 505 ## - NOTA DE CONTENIDO CON FORMATO | |
| Título | Préface: |
| Mención de responsabilidad | Hubert Védrine |
| Título | Introduction: |
| Mención de responsabilidad | René Rémond |
| Título | Diplomates et aventuriers: |
| Mención de responsabilidad | Roger Thérond |
| Título | Le fonds photographique de Quai d'Orsay: |
| Mención de responsabilidad | Pierre Fournié |
| Título | Voir l'autre, refléter les images: |
| Mención de responsabilidad | Laurent Gervereau |
| Título | La collection |
| -- | Regards sur l'Asie |
| -- | Regards sur le Moyen-Orient |
| -- | Regards sur l'Afrique de Nord |
| -- | Regards sur l'Afrique subsaharienne |
| -- | Regards sur l'Amérique latine |
| 650 ## - PUNTO DE ACCESO ADICIONAL DE MATERIA--TÉRMINO DE MATERIA | |
| Fuente del encabezamiento o término | Arte contemporáneo |
| Subdivisión de forma | Arte - Fotografía |
| Subdivisión general | Exhibiciones - Fotografía |
| 9 (RLIN) | 7069 |
| Estatus retirado | Estado de pérdida | Fuente del sistema de clasificación o colocación | Estado de daño | No para préstamo | Biblioteca de origen | Biblioteca actual | Ubicación en estantería | Fecha de adquisición | Total de préstamos | Signatura topográfica completa | Código de barras | Visto por última vez | Precio de reemplazo | Tipo de ítem Koha |
|---|---|---|---|---|---|---|---|---|---|---|---|---|---|---|
| Clasificación Decimal Dewey | Biblioteca LadoV | Biblioteca LadoV | 01/06/2019 | 779.944 F778r | 001727 | 01/06/2019 | 01/06/2019 | Material 01 |
